000 00553nam a22001457a 4500
041 _aeng
080 _a81.2
245 _a1993 uniformed services almanac
250 _a35
260 _c1993
300 _a228
520 _aThis almanac contains more valuable, up-to-date information for military members and their families than ever before. We have completely revised several sections of the almanac to reflect changes created by legislation and policy changes.
_0Pay, allowance, health care, benefit, veteran.
650 _aPolitics
999 _c278780
_d278780
942 _cBK